| 000 | 00721cam a2200193 4500 | ||
|---|---|---|---|
| 001 | ABS60760 | ||
| 008 | 000000n1999 000 0 eng u | ||
| 035 | _a(Sirsi) u101257 | ||
| 100 | _aCameron, H. | ||
| 245 | _aWhat is meant by "causing" water pollution. | ||
| 260 | _c1999 | ||
| 490 |
_aScottish Planning and Environmental Law _v1999 73 SPEL 58-59 (2) |
||
| 520 | _aAttempts to clarify confusion over the meaning of 'causing' water pollution in the case of Environment Agency v Empress Car Co. (Abertillery) Ltd, and considers previous case-law. | ||
| 650 | _aWATER POLLUTION LAW | ||
| 650 | _aWATER RESOURCES ACT 1991 | ||
| 690 | _aENVIRONMENTAL AND LAND CONSULTANCY | ||
| 700 | _aHawthorn, P. | ||
| 942 | _n0 | ||
| 999 |
_c60410 _d60410 |
||